| 000 | 00456nam a2200181Ia 4500 | ||
|---|---|---|---|
| 003 | GCL | ||
| 008 | 140319s9999 xx 000 0 eng d | ||
| 040 |
_aGCL / _cGCL |
||
| 082 | 0 | 4 |
_aCH _b607 _bK B |
| 100 | 1 | _aKERROD, ROBIN | |
| 245 | 1 | 0 |
_aTHE BIG BOOK OF SCIENCE & TECHNOLOGY / _cKERROD, ROBIN |
| 260 |
_a[S.N] : _bHAMMOND ، _c1991 |
||
| 300 | _a77 PP | ||
| 650 | 0 | 4 | _aSCIENCE |
| 650 | 0 | 4 | _aCHILDREN |
| 650 | 0 | 4 | _aSTUDY AND LEARNING |
| 942 |
_2ddc _cBK |
||
| 999 |
_c18004 _d18004 |
||